| 000 | 00692nam a2200205 a 4500 | ||
|---|---|---|---|
| 005 | 20220607121521.0 | ||
| 008 | 991125s1992 ag 000 0 spa u | ||
| 020 | _a9507550445 | ||
| 035 | _aUPN01000004408 | ||
| 049 | _aF | ||
| 050 | 4 |
_aLB1715 _bL55 no.7 |
|
| 100 | 1 | _aLosada, Susana Margarita | |
| 245 | 1 | 0 |
_aAritmética enseñada con placer y aprendida con alegría / _cSusana Margarita Losada. |
| 260 |
_aArgentina : _bBraga, _c1992. |
||
| 300 |
_a47 p. : _bil. |
||
| 440 | 0 |
_aLineamientos. _pCuadernos de orientación educativa ; _v7 |
|
| 650 | 4 |
_aAritmética _xEstudio y enseñanza (Secundaria) _97857 |
|
| 650 | 4 |
_aMatemáticas _xEstudio y enseñanza (Secundaria) _94860 |
|
| 905 | _aLibro | ||
| 999 |
_c4408 _d4408 |
||